Hauptstädte mit dem Buchstaben O als zweitem Buchstaben - Statistiken

Allgemein
  • Dieses Quiz wurde 1.356 mal gespielt
  • Das Durchschnittsergebnis liegt bei 19 aus 27
Antwortstatistiken
Hauptstadt % Korrekt
Bogota
87%
London
86%
Moskau
85%
Rom
85%
Tokio
79%
Lome
77%
Port-au-Prince
75%
Dodoma
74%
Port of Spain
73%
Podgorica
72%
Port Moresby
71%
Mogadischu
70%
Port Louis
70%
Moroni
69%
MOnrovia
68%
Montevideo
68%
Porto Novo
68%
Doha
67%
Port Vila
67%
Kopenhagen
66%
Monaco
66%
Sofia
66%
Honiara
55%
Roseau
54%
Conakry
51%
Nouakchott
46%
South Tarawa
42%
Keine übereinstimmenden Quizze gefunden
Verteilung der Resultate
Anzahl Personen mit jedem Resultat
Perzentil nach korrekt beantworteten Fragen
Ihre Resultats-Entwicklung
Sie haben dieses Quiz noch nicht gespielt